Výpočtová technika. Návody na cvičenia

Bibliographic Details
Main Authors: Šipoš, Ľudovít, 1948- (Author), Puškár, Miroslav (Author), Ostrihoňová, Ľubica (Author)
Format: Book
Language:Slovak
PhysicalDescription:157 s. Sch., tab. 21 cm
Published: Zvolen Technická univerzita 1995
ISBN:802280536X
Edition:1. vyd., dotl.
Subjects:

MARC

LEADER 00000nam a2200000 a 4500
001 vtls001222556
003 SK-MaSNL
005 20260301154556.0
008 240509s1996 xo ap r yy slo
015 |a SNBA1997/0100268 
020 |a 802280536X  |c (400 výt.) 
035 |a SNK000168227 
035 |a urn:nbn:sk:snk-amkfjy 
035 |a urn:nbn:sk:snk-am008fo1 
035 |a C5B050C9-F095-48FF-A316-0DB126D69DE8 
040 |a SNK  |b slo  |c SNK  |e AACR2 
041 0 |a slo 
044 |a xo  |c SK 
080 |a 681.3(075.8)(076.5)  |2 1981 
100 1 |a Šipoš, Ľudovít,  |d 1948-  |4 aut  |9 87260 
245 1 0 |a Výpočtová technika. Návody na cvičenia  |c Ľudovít Šípoš, Miroslav Puškár, Ľubica Ostrihoňová 
250 |a 1. vyd., dotl. 
260 |a Zvolen  |b Technická univerzita  |c 1995  |g 1996 
300 |a 157 s.  |b Sch., tab.  |c 21 cm 
504 |a Bibliogr. 
650 0 7 |a technika výpočtová  |x cvičenia praktické  |2 SNK  |9 430842 
655 7 |a Textbooks (higher)  |2 SNKPHeng  |9 276436 
655 7 |a učebnice vysokých škôl  |2 SNKPH  |9 70191 
700 1 |a Puškár, Miroslav  |4 aut  |9 12400 
700 1 |a Ostrihoňová, Ľubica  |4 aut  |9 12341 
919 |a 80-228-0536-X 
958 |a RM 
958 |a UV 
958 |a NB 
999 |c 797334  |d 799264 
952 |t P60, <04>, [BOOK], {604}  |a SNK  |b SNK  |y VYP  |7 0  |p 17A0025257  |o snkSC 91679 D1  |i snkKSP 9789/96  |0 0  |1 0  |4 0  |d 1996-11-14  |l 0  |r 2005-01-01 00:00:00  |w 2026-02-24 
952 |t P60, <09>, [BOOK], {629}  |a SNK  |b SNK  |y NEVYP  |7 0  |o snkC 3065  |i snk4006/961115  |0 0  |1 0  |4 0  |d 1996-11-14  |l 0  |r 2005-01-01 00:00:00  |w 2026-02-24 
952 |t P60, <03>, [BOOK], {603}  |a SNK  |b SNK  |y PREZ  |7 0  |p 17A0017215  |o snkSC 91679  |i snkKSP 9788/96  |0 0  |1 0  |4 0  |d 1996-11-14  |f 1  |l 0  |r 2025-09-10 00:00:00  |w 2026-02-24